00445nam a2200133 a 450000500170000000800410001705000180005810000200007624500490009626000430014544000060018899900190019495200980021320140414131856.0100828s19uu xx 00 eng d aFILbUs6 2009 aMatias, Segundo aAng usok at si daddy :bThe smoke and daddy. aManila, Philippines :bLampara,c2009. a  c110477d110477 001040aMUbMUcFILd2010-08-28l0oFIL Us6 2009pM0892r2014-04-14 00:00:00w2014-04-14yBK